| 000 | 00520nam a2200145Ia 4500 | ||
|---|---|---|---|
| 008 | 231129s2003||||xx |||||||||||||| ||spa|| | ||
| 020 | _a958-9352-66-9 | ||
| 040 | _bspa | ||
| 082 | _a33.7 G633c | ||
| 100 | _aGómez Giraldo Luis Jair | ||
| 245 | 0 | _aCambios en las relaciones economía - naturaleza: Desde la Grecia antigua hasta nuestros días | |
| 260 | _c2003 | ||
| 264 | _aUniversidad Nacional de Colombia; Dirección de Investigaciones Sede Medellín | ||
| 942 |
_2ddc _cBKS |
||
| 999 |
_c6507 _d6507 |
||